| 000 | 02283nac a22003251i 4500 | ||
|---|---|---|---|
| 003 | EG-ScBUE | ||
| 005 | 20240626111804.0 | ||
| 008 | 080730s2007 enk f b 001 0 eng d | ||
| 020 | _a0415771390 (pbk.) | ||
| 020 | _a9780415771399 (pbk.) | ||
| 040 |
_aEG-ScBUE _beng _erda _cEG-ScBUE _dEG-ScBUE |
||
| 043 | _af------ | ||
| 082 | 0 | 4 |
_a960 _bASA _222 |
| 100 | 1 |
_aAsante, Molefi K., _eauthor. |
|
| 245 | 1 | 4 |
_aThe history of Africa : _bthe quest for eternal harmony / _cMolefi Kete Asante. |
| 264 | 1 |
_aMilton Park, Abingdon, Oxon ; _aNew York _bRoutledge, _c2007. |
|
| 300 |
_a397 pages ; _c23 cm |
||
| 336 |
_2rdacontent _atext _btxt |
||
| 337 |
_aunmediated _2rdamedia _bn |
||
| 338 |
_avolume _bnc _2rdacarrier |
||
| 500 | _aSimultaneously published in the USA and Canada. | ||
| 504 | _aIncludes bibliographical references and index. | ||
| 505 | 0 | _apt. 1. The time of the awakening -- Africa and the origin of humanity -- pt. 2. The age of literacy -- Africa and the beginning of civilization -- The rise of Kemet/Egypt -- The elements of early African civilization -- Governance and the political stability of Kemet -- pt. 3. The moment of realization -- The emergence of the great river kingdoms -- pt. 4. The age of construction -- The spread of classical empires and kingdoms -- The Sudanic empires : historians and their narratives -- Generators of traditional and contemporary Africa -- Societies of secrets : farmers and metallurgists -- pt. 5. The time of chaos -- Arab and European missionaries, merchants, and mercenaries -- Resisting European and Arab slave traders -- pt. 6. The age of reconstruction -- Africa regains consciousness in a Pan-African explosion -- pt. 7. The time for consolidation -- Africa consolidates independence -- Toward a United States of Africa without compromise -- Chronology of African history -- General references -- Architectonic references -- Appendices -- Ethnic groups -- Major linguistic groups. | |
| 651 | 7 |
_aAfrica _xHistory. _2BUEsh |
|
| 651 | 7 |
_aAfrica _xCivilization. _2BUEsh |
|
| 655 | _vReading book | ||
| 856 | 4 | 1 |
_3Table of contents only _uhttp://www.loc.gov/catdir/toc/ecip0616/2006021528.html |
| 856 | 4 | 1 |
_3Publisher description _uhttp://www.loc.gov/catdir/enhancements/fy0704/2006021528-d.html |
| 942 |
_cBB _2ddc |
||
| 999 |
_c8836 _d8836 |
||